00723 2200253 4500001002100000005001500021035002000036007000300056008003900059082001200098084001800110100002100128245008000149260002500229300004500254650001100299650001500310310004100325321004100366022001400407990001600421990001600437990001600453INLIS00000000000063620240801124448 a0010-0824000001ta240801 | | |  a636.005 a636.005 NOV j0 aNovirman Jamarun1 aJurnal Peternakan Indonesia /cDekan Fakultas Pertanian Universitas Andalas aPadang :bJPI,c2014 a145-202 hlm, :bilus, ;c21 cm X 29,5 cm 4aJurnal 4aPeternakan aVolume 16 Nomor 3 Edidi Oktober 2014 aVolume 16 Nomor 2 Edidi Oktober 2014 a1907-1760 a00000000708 a00000000709 a00000000710